| 000 | 01228nam a2200325 c 4500 | ||
|---|---|---|---|
| 003 | BLK | ||
| 005 | 20230812161704.0 | ||
| 008 | 180409b bul|||||r ||||||| ||bul|| | ||
| 010 | _aKNG00106929000 | ||
| 040 | _aBLK | ||
| 041 |
_aBUL _cBUL |
||
| 080 |
_aФренска литература _b821.133.1 _x-31 _z821.133.1-31 |
||
| 100 | 1 |
_aДюма, Александър _eпърви автор _9364540 |
|
| 700 | 1 |
_aПавлов, Йордан _eпрев. от фр. _9370813 |
|
| 139 |
_aДюма, Александър _bД 98 |
||
| 245 | 1 | 0 |
_aТримата мускетари _bРоман _cАлександър Дюма; прев. от фр. Йордан Павлов. |
| 250 | _a5. изд. | ||
| 257 | _aFRA | ||
| 260 |
_аСофия _bНар. младеж _c1983 |
||
| 300 |
_a736 с. _c22 см |
||
| 380 | _aX | ||
| 500 | _aОриг. загл. Les trois mousquetaires / Alexandre Dumas. - 1. изд. 1955 в Библ. Приключения и пътешествия. - 100 150 тир. | ||
| 653 | _aромани | ||
| 852 | _aЦб 123664 | ||
| 856 | 4 |
_qpdf _u |
|
| 856 | 4 |
_qpdf _u |
|
| 942 |
_cKNG _n0 _01 |
||
| 944 |
_aCR _c07.07.2003 _k30543 _lИва Цветкова |
||
| 944 |
_aED _c17.09.2008 _k |
||
| 999 |
_c101873 _d101873 |
||